| 000 | 00698cam a2200181ua 4500 | ||
|---|---|---|---|
| 020 | _c1.00 | ||
| 041 |
_amal _h |
||
| 082 |
_a894.8121 _bKER/KA |
||
| 110 | 1 |
_aKerala university . _b _c() |
|
| 245 |
_aKavya kairali vol-2 / _cKerala university. _hTextual Documents |
||
| 250 |
_a1 / _b. |
||
| 260 |
_aThiruvananthapuram : _bKerala University Press , _c1967. |
||
| 300 | _a87 ; . | ||
| 365 | _a1.00 | ||
| 504 | _a | ||
| 942 | _cBK | ||
| 999 |
_c6649 _d6649 |
||